| 000 | 00666nam a22001697a 4500 | ||
|---|---|---|---|
| 999 |
_c60974 _d60974 |
||
| 005 | 20231130162938.0 | ||
| 008 | 231130s1976 ru ||||| |||| 00| 0 rus d | ||
| 041 | _arus | ||
| 080 | _a73/76 Б-87 | ||
| 100 |
_aБретаницкий Л. С. _920537 |
||
| 245 |
_aИскусство Азербайджана IV-XVIII веков / _cЛ. С.Бретаницкий, Б. В. Веймарн. |
||
| 264 |
_aМосква : _bИскусство, _c1976. |
||
| 300 |
_a272 с. _bилл.; _c17 см. |
||
| 653 | _aაზერბაიჯანის ხელოვნება | ||
| 700 |
_aВеймарн, Б. В. _eავტორი _920538 |
||
| 942 |
_2udc _cᲬᲘᲒᲜᲘ |
||